[Event "Challenge"]
[Site "http://www.queenalice.com/game.php?id=1387341"]
[Date "2015.10.4"]
[Round "-"]
[White "leoreis"]
[Black "hadriano"]
[Result "0-1"]
[WhiteElo "1900"]
[BlackElo "1854"]

1. e4 c5 2. d4 cxd4 3. Qxd4 Nc6 4. Qd1 Nf6 5. Nc3 g6 6. Bd3 Bg7 7. Nf3 d6 8. O-O
O-O 9. a3 e5 10. b4 a6 11. h3 Qc7 12. Bc4 Nd4 13. Nxd4 Qxc4 14. Nde2 Qc6 15. Bd2
Nxe4 16. Nxe4 Qxe4 17. Be3 b5 18. Ng3 Qc6 19. Rc1 e4 20. Qd2 Bb2 21. Rcd1 Bxa3
22. Qd4 f5 23. Ra1 Bxb4 24. Qxb4 f4 25. Nxe4 fxe3 26. Nxd6 exf2+ 27. Rxf2 Rxf2
28. Kxf2 Qxc2+ 29. Kg1 Be6 30. Rf1 Rd8 0-1

[Event "Challenge"]
[Site "http://www.queenalice.com/game.php?id=1388543"]
[Date "2015.10.10"]
[Round "-"]
[White "hadriano"]
[Black "Omar"]
[Result "1-0"]
[WhiteElo "1890"]
[BlackElo "1764"]

1. Nf3 h6 2. g3 a6 3. Bg2 d6 4. d4 Nf6 5. O-O e6 6. Nc3 Be7 7. e4 O-O 8. Qe2 Nc6
9. e5 Nh7 10. b3 Ng5 11. Bb2 Nxf3+ 12. Bxf3 d5 13. Nd1 Bg5 14. h4 Be7 15. Ne3 b5
16. c3 Bb7 17. Bc1 b4 18. cxb4 Nxb4 19. Ng4 a5 20. Qd2 Ba6 21. Be2 Bxe2 22. Qxe2
Na6 23. Nxh6+ Kh7 24. Qd3+ g6 25. Kg2 f5 26. exf6 Bxf6 27. Rh1 Qd6 28. h5 Rg8
29. hxg6+ Rxg6 30. Nf7+ Kg7 31. Nxd6 Nb4 32. Qb5 Bxd4 33. Qd7+ Kf6 34. Qf7+ Ke5
35. Bf4# 1-0

[Event "Challenge 2"]
[Site "http://www.queenalice.com/game.php?id=1389834"]
[Date "2015.10.19"]
[Round "-"]
[White "ztnilz"]
[Black "hadriano"]
[Result "0-1"]
[WhiteElo "1920"]
[BlackElo "1872"]

1. e4 e5 2. Nf3 Nc6 3. Bc4 Bc5 4. c3 Nf6 5. d4 exd4 6. e5 d5 7. Bb5 Ne4 8. cxd4
Bb4+ 9. Bd2 Bxd2+ 10. Nfxd2 Bd7 11. Bxc6 Bxc6 12. O-O O-O 13. f3 Ng5 14. Nc3 Ne6
15. Nb3 b6 16. a4 a5 17. f4 f6 18. exf6 Rxf6 19. g3 Bb7 20. Re1 c5 21. dxc5 bxc5
22. Rxe6 Rxe6 23. Nxc5 Qb6 24. Qd4 Rc8 0-1

[Event "Challenge 2"]
[Site "http://www.queenalice.com/game.php?id=1389835"]
[Date "2015.10.19"]
[Round "-"]
[White "ztnilz"]
[Black "hadriano"]
[Result "0-1"]
[WhiteElo "1826"]
[BlackElo "1919"]

1. e4 c5 2. c3 g6 3. Nf3 Bg7 4. d3 Nc6 5. Be2 d6 6. O-O Nf6 7. Re1 O-O 8. a4 b6
9. b3 e5 10. Bb2 Ne7 11. c4 Nh5 12. g3 f5 13. exf5 gxf5 14. Nxe5 dxe5 15. Bxh5
Nc6 16. Bf3 e4 17. Bxg7 Kxg7 18. dxe4 Qxd1 19. Rxd1 Nd4 20. Rd3 Bb7 21. Nd2
Nxf3+ 22. Nxf3 fxe4 23. Rd7+ Rf7 24. Rxf7+ Kxf7 25. Nh4 Rd8 26. Kf1 Bc8 27. Ng2
Rd2 28. Ne3 Rb2 29. Ra3 Bh3+ 30. Ke1 Rb1+ 0-1

[Event "Challenge 3"]
[Site "http://www.queenalice.com/game.php?id=1389837"]
[Date "2015.10.19"]
[Round "-"]
[White "hadriano"]
[Black "ztnilz"]
[Result "1/2-1/2"]
[WhiteElo "1931"]
[BlackElo "1848"]

1. Nf3 d5 2. g3 Nf6 3. Bg2 e6 4. O-O Be7 5. d3 c5 6. Nbd2 Nc6 7. e4 O-O 8. e5
Nd7 9. Re1 f6 10. exf6 Rxf6 11. h4 Nb6 12. Nf1 Qf8 13. N1h2 h6 14. Ng4 Rf7 15.
Bf4 Rxf4 16. gxf4 Qxf4 17. Nfh2 Bxh4 18. Qf3 Qd6 19. Nxh6+ gxh6 20. Qg4+ Bg5 21.
Nf3 e5 22. Qh5 Qf6 23. c3 Bd7 24. a4 Be8 25. Qg4 Bg6 26. a5 Bf5 27. Qh5 Nd7 28.
Nxg5 hxg5 29. Bxd5+ Kg7 30. a6 Bg6 31. Qh1 Rf8 32. Qg2 Bxd3 33. axb7 Ne7 34. Be4
Bxe4 35. Rxe4 Rb8 36. Rea4 Nc6 37. Ra6 Nb6 38. Rc1 Rxb7 39. b4 cxb4 40. cxb4 Nd8
41. Rd1 Nc6 42. b5 Nd8 43. Rxd8 Qxd8 44. Qxb7+ Kg8 45. Rxa7 Qd1+ 46. Kh2 Qh5+
47. Kg3 Qh4+ 48. Kg2 Qg4+ 49. Kf1 Qd1+ 1/2-1/2

[Event "Challenge"]
[Site "http://www.queenalice.com/game.php?id=1392323"]
[Date "2015.11.3"]
[Round "-"]
[White "Rommel"]
[Black "hadriano"]
[Result "0-1"]
[WhiteElo "1958"]
[BlackElo "1901"]

1. e4 d6 2. d4 Nf6 3. Nc3 g6 4. f4 Bg7 5. Nf3 O-O 6. Bc4 c5 7. O-O Qb6 8. e5
cxd4 9. Nd5 Nxd5 10. Bxd5 d3+ 11. Kh1 dxe5 12. fxe5 Qb5 13. Bb3 dxc2 14. Qxc2
Qxf1+ 15. Ng1 Bxe5 16. Bh6 Qxa1 17. Bxf8 Nc6 18. Bh6 Qxb2 19. Qd3 Bg7 20. Be3
Bf5 21. Qb5 Be4 22. Qf1 e6 23. Qf4 Qxg2# 0-1

[Event "Challenge"]
[Site "http://www.queenalice.com/game.php?id=1396519"]
[Date "2015.11.29"]
[Round "-"]
[White "hadriano"]
[Black "Omar"]
[Result "1-0"]
[WhiteElo "1928"]
[BlackElo "1749"]

1. e4 e5 2. Nf3 d6 3. Bc4 h6 4. d4 exd4 5. Nxd4 Bd7 6. Nc3 a6 7. a3 Nf6 8. Bd2
b5 9. Ba2 Nc6 10. Nf5 Ne5 11. Ne2 Nxe4 12. Nfg3 Nxd2 13. Qxd2 Bc6 14. O-O Be7
15. Nd4 Bg5 16. f4 Nc4 17. Bxc4 Bb7 18. fxg5 bxc4 19. gxh6 Rxh6 20. Qe2+ Qe7 21.
Qxe7+ Kxe7 22. Ndf5+ Kd7 23. Nxh6 gxh6 24. Rxf7+ Kc6 25. Rh7 Kb6 26. Rxh6 Re8
27. h4 Rg8 28. Kh2 a5 29. Rf1 Ba6 30. c3 Kc5 31. Rhf6 Bc8 32. Rf8 Rxf8 33. Rxf8
Ba6 34. h5 c6 35. h6 Kb5 36. h7 Ka4 37. h8=Q Kb3 38. Qd4 d5 39. Qb6+ Bb5 40.
Qxa5 Kxb2 41. Rf2+ Kc1 42. Qb4 d4 43. Qb2+ Kd1 44. Qd2# 1-0

[Event "Challenge 5"]
[Site "http://www.queenalice.com/game.php?id=1399916"]
[Date "2015.12.22"]
[Round "-"]
[White "ztnilz"]
[Black "hadriano"]
[Result "0-1"]
[WhiteElo "1852"]
[BlackElo "1937"]

1. e4 d6 2. Nc3 Nf6 3. Nf3 g6 4. d4 Bg7 5. Be2 O-O 6. O-O c6 7. a4 Nbd7 8. b3
Qc7 9. Bb2 c5 10. Nd5 Nxd5 11. exd5 Nb6 12. c4 e6 13. dxe6 Bxe6 14. Qd2 Nd7 15.
d5 Bxb2 16. Qxb2 Bg4 17. h3 Bxf3 18. Bxf3 Ne5 19. Bd1 Qe7 20. f4 Nd3 21. Qd2 Nb4
22. Re1 Qf6 23. Bf3 Rae8 24. g4 Qh4 25. Qg2 Rxe1+ 0-1

[Event "Challenge 6"]
[Site "http://www.queenalice.com/game.php?id=1399917"]
[Date "2015.12.22"]
[Round "-"]
[White "hadriano"]
[Black "ztnilz"]
[Result "1-0"]
[WhiteElo "1964"]
[BlackElo "1966"]

1. e4 e5 2. Nf3 Nc6 3. Bc4 Be7 4. d4 exd4 5. Nxd4 Nxd4 6. Qxd4 Bf6 7. Qd5 Qe7 8.
O-O c6 9. Qd3 d6 10. Nc3 Qd8 11. Re1 Ne7 12. Bf4 b5 13. Bb3 O-O 14. Bxd6 Bxc3
15. bxc3 Re8 16. e5 a5 17. Qf3 Be6 18. Bxe7 Qxe7 19. Qxc6 Bd7 20. Qb6 a4 21. Bd5
Rab8 22. Qd4 Kh8 23. h3 Red8 24. Qf4 Re8 25. Qxf7 Qxf7 26. Bxf7 Re7 27. Bd5 Rc8
28. Re3 Bc6 29. Bxc6 Rxc6 30. Rd1 h6 31. Rd8+ Kh7 32. Rb8 Rc5 33. f4 g6 34. h4
Kg7 35. Rd3 Rf7 36. g3 h5 37. Kf2 1-0

[Event "Challenge"]
[Site "http://www.queenalice.com/game.php?id=1401135"]
[Date "2015.12.29"]
[Round "-"]
[White "odone"]
[Black "hadriano"]
[Result "0-1"]
[WhiteElo "1912"]
[BlackElo "1950"]

1. e4 e5 2. f4 exf4 3. Nf3 d5 4. e5 g5 5. Be2 Nc6 6. O-O g4 7. Ne1 g3 8. Nf3 f6
9. d4 fxe5 10. hxg3 fxg3 11. Nc3 e4 12. Ne5 Nxe5 13. Bh5+ Ng6 14. Bf4 Qh4 15.
Bxg3 Qxg3 16. Nxd5 Be6 17. Nf6+ Nxf6 18. Rxf6 Bh3 19. Qd2 O-O-O 20. Rf2 Bc5 0-1

[Event "Challenge"]
[Site "http://www.queenalice.com/game.php?id=1405817"]
[Date "2016.1.23"]
[Round "-"]
[White "hadriano"]
[Black "szachograjek"]
[Result "1-0"]
[WhiteElo "1988"]
[BlackElo "2234"]

1. e4 e6 2. d3 d5 3. Nd2 Nf6 4. Ngf3 c5 5. g3 Nc6 6. Bg2 Be7 7. O-O O-O 8. Re1
Qc7 9. e5 Nd7 10. Qe2 a5 11. h4 a4 12. Nf1 b5 13. Bf4 c4 14. d4 b4 15. Ne3 Qb6
16. Ng4 Nxd4 17. Nxd4 Qxd4 18. Rab1 Qb6 19. h5 f5 20. exf6 Nxf6 21. Ne5 Ra7 22.
h6 g6 23. Bh3 Ne4 24. Nxc4 Nxg3 25. Nxb6 Nxe2+ 26. Rxe2 Rxf4 27. Nxc8 Rc7 28.
Nxe7+ Rxe7 29. Rxe6 Ref7 30. Re8+ 1-0

[Event "Challenge"]
[Site "http://www.queenalice.com/game.php?id=1407440"]
[Date "2016.2.3"]
[Round "-"]
[White "Rommel"]
[Black "hadriano"]
[Result "0-1"]
[WhiteElo "1964"]
[BlackElo "2014"]

1. e4 e5 2. f4 exf4 3. Nf3 d5 4. exd5 Nf6 5. Nc3 Nxd5 6. Bc4 Be6 7. Qe2 Be7 8.
O-O Nc6 9. d4 Nxc3 10. bxc3 Bxc4 11. Qxc4 Qd6 12. Re1 O-O 13. a4 Rad8 14. Ba3
Qd7 15. Bxe7 Nxe7 16. Ne5 Qd6 17. Rad1 Nf5 18. Qd3 Ne3 19. Rd2 Rfe8 20. Nf3 h6
21. Rde2 Re6 22. Ne5 Qe7 23. Qb5 Rb6 24. Qd3 Qg5 25. c4 Rbd6 26. Nf3 Qf6 27. c3
g5 28. c5 R6d7 29. g3 c6 30. gxf4 gxf4 31. Kh1 Kh8 32. Rg1 Rg8 33. Rxg8+ Kxg8
34. Ne5 Qxe5 35. Qb1 Qg5 36. Qe4 Re7 37. Qf3 Nd5 38. Rxe7 Nxe7 39. Qe4 h5 40. c4
Kf8 41. Qh7 f3 42. Qc2 Qe3 0-1

[Event "Challenge"]
[Site "http://www.queenalice.com/game.php?id=1407903"]
[Date "2016.2.6"]
[Round "-"]
[White "hadriano"]
[Black "Omar"]
[Result "1-0"]
[WhiteElo "1980"]
[BlackElo "1773"]

1. e4 e5 2. Nf3 d6 3. d4 exd4 4. Nxd4 a6 5. Nc3 h6 6. Bc4 Nc6 7. Nxc6 bxc6 8.
O-O Be7 9. Be3 Bb7 10. Qh5 d5 11. exd5 cxd5 12. Nxd5 g6 13. Qe5 f6 14. Nxc7+ Kf8
15. Qe6 Rh7 16. Qxg8# 1-0

[Event "The Beatles"]
[Site "http://www.queenalice.com/game.php?id=1411858"]
[Date "2016.3.2"]
[Round "-"]
[White "hadriano"]
[Black "bobifixer"]
[Result "0-1"]
[WhiteElo "2045"]
[BlackElo "1955"]

1. e4 c5 2. Nf3 Nc6 3. d4 cxd4 4. Nxd4 Nf6 5. Nc3 g6 6. Be3 Bg7 7. f3 Nxd4 8.
Bxd4 O-O 9. Qd2 a6 10. g4 b5 11. e5 Ne8 12. O-O-O Bb7 13. Bg2 e6 14. Bc5 d6 15.
exd6 Qd7 16. h4 Rc8 17. Bb4 h6 18. Ne4 Bxe4 19. fxe4 Kh7 20. Rhe1 Be5 21. Qf2
Nxd6 22. Bxd6 Bxd6 23. e5 Bc5 24. Qf3 Qc7 25. Qe4 Kg7 26. h5 g5 27. Bf1 Rh8 28.
Rd2 Qc6 29. Qxc6 Rxc6 30. Bg2 Rc7 31. Red1 Be3 32. c3 Rd8 33. Kc2 Rxd2+ 34. Rxd2
Bxd2 35. Kxd2 Rc5 36. b4 Rxe5 37. Bb7 f5 38. Bxa6 fxg4 39. Kd3 g3 40. Bb7 g4 41.
c4 bxc4+ 42. Kxc4 Rd5 0-1

[Event "Challenge"]
[Site "http://www.queenalice.com/game.php?id=1412100"]
[Date "2016.3.4"]
[Round "-"]
[White "jnable"]
[Black "hadriano"]
[Result "0-1"]
[WhiteElo "2058"]
[BlackElo "2028"]

1. d4 Nf6 2. Nf3 g6 3. c4 Bg7 4. Nc3 O-O 5. e4 d6 6. Bd3 e5 7. dxe5 dxe5 8. Nxe5
Nxe4 9. Nxe4 Bxe5 10. O-O Nc6 11. Be3 Nb4 12. Be2 Bxh2+ 13. Kxh2 Qh4+ 14. Kg1
Qxe4 15. Qb3 Nc2 16. Rad1 Nxe3 17. fxe3 Re8 18. Rd3 Rb8 19. Rf4 Qe7 20. Bf3 Bf5
21. e4 Qc5+ 22. Kh2 Be6 23. Rc3 b6 24. Qc2 g5 25. Rg4 Bxg4 26. Bxg4 Qe5+ 27. Kh1
Qxe4 28. Bf3 Qh4+ 0-1

[Event "Challenge"]
[Site "http://www.queenalice.com/game.php?id=1412101"]
[Date "2016.3.4"]
[Round "-"]
[White "Harry28"]
[Black "hadriano"]
[Result "1-0"]
[WhiteElo "2249"]
[BlackElo "2038"]

1. e4 e5 2. d4 exd4 3. Qxd4 Nc6 4. Qe3 Nf6 5. e5 Ng4 6. Qe4 d5 7. exd6+ Be6 8.
Ba6 Qxd6 9. Bxb7 Qb4+ 10. Qxb4 Nxb4 11. Be4 O-O-O 12. a3 Bd5 13. Bf5+ Kb8 14.
axb4 Bxg2 15. Bxg4 Bxh1 16. c3 Bd5 17. Be3 Bd6 18. h3 Rhe8 19. Kf1 f6 20. Bxa7+
Kb7 21. Be3 Bc4+ 22. Kg2 Ba6 23. Bf3+ c6 24. Bxc6+ Kxc6 25. Rxa6+ Kd5 26. Nf3 g5
27. Na3 Ke6 28. Nc4 Ke7 29. Nxd6 Rxd6 30. Bc5 1-0

[Event "Challenge"]
[Site "http://www.queenalice.com/game.php?id=1412757"]
[Date "2016.3.9"]
[Round "-"]
[White "hadriano"]
[Black "Albator007"]
[Result "0-1"]
[WhiteElo "2025"]
[BlackElo "1766"]

1. e4 e5 2. Nf3 Nc6 3. Bc4 Bc5 4. O-O Nf6 5. d4 Bxd4 6. Nxd4 Nxd4 7. f4 d6 8.
fxe5 dxe5 9. Bg5 Qe7 10. Na3 Rg8 11. Qd2 Be6 12. Bxe6 Nxe6 13. Bxf6 gxf6 14. Qh6
Nf4 15. g3 Rg6 16. Qxh7 Qb4 17. Qh8+ Ke7 18. Qxa8 Qd4+ 19. Rf2 Nh3+ 20. Kf1
Qxf2# 0-1

[Event "Challenge"]
[Site "http://www.queenalice.com/game.php?id=1412931"]
[Date "2016.3.10"]
[Round "-"]
[White "hadriano"]
[Black "christian_labat"]
[Result "0-1"]
[WhiteElo "2030"]
[BlackElo "1949"]

1. e4 c5 2. Nf3 d6 3. d4 cxd4 4. Nxd4 Nf6 5. Nc3 a6 6. Be3 e6 7. Be2 Be7 8. a4
Nc6 9. O-O Bd7 10. f4 Rc8 11. Kh1 O-O 12. Qd2 e5 13. fxe5 dxe5 14. Nf5 Be6 15.
Qe1 Bb4 16. Qg3 Bxf5 17. exf5 Kh8 18. Rad1 Qe8 19. Bg5 Bxc3 20. Bxf6 gxf6 21.
bxc3 Rg8 22. Qh4 Rg5 23. Rd6 Qe7 24. Rfd1 Nd4 25. R6xd4 exd4 26. Bd3 dxc3 27.
Qd4 Qe5 28. Qd7 Re8 29. g3 Re7 30. Qd8+ Rg8 31. Qb6 Rd7 32. Kg2 Qd5+ 33. Kf2
Qd4+ 34. Qxd4 Rxd4 35. Rb1 Rd7 36. Kf3 Rc8 37. Be4 Rc5 38. g4 b5 39. h4 Rd4 40.
axb5 axb5 41. h5 Kg7 42. Bd3 Rxd3+ 43. cxd3 c2 44. Rc1 b4 0-1

[Event "Challenge"]
[Site "http://www.queenalice.com/game.php?id=1418396"]
[Date "2016.4.15"]
[Round "-"]
[White "hadriano"]
[Black "adriano1953"]
[Result "1-0"]
[WhiteElo "2025"]
[BlackElo "1954"]

1. e4 e5 2. Nf3 Nc6 3. Bc4 Nf6 4. d3 Be7 5. O-O d6 6. Bb3 O-O 7. c3 Bg4 8. h3
Bxf3 9. Qxf3 h6 10. Be3 Na5 11. Bc2 c5 12. a4 a6 13. Nd2 Nc6 14. Rfe1 b5 15. Nf1
Qb8 16. Ng3 b4 17. Nf5 Kh7 18. Bxh6 gxh6 19. Nxe7 Nxe7 20. Qxf6 Qc7 21. Re3 Rg8
22. Qxf7+ Rg7 23. Qh5 Rag8 24. g3 Ng6 25. Kh2 Qf7 26. Rf3 Qe7 27. Bb3 Rf8 28.
Rf5 Rf6 29. Qf3 Rxf5 30. exf5 Nh8 31. f6 Qf8 32. fxg7 Qxf3 33. g8=Q# 1-0

[Event "Challenge"]
[Site "http://www.queenalice.com/game.php?id=1424916"]
[Date "2016.5.26"]
[Round "-"]
[White "AlekinePb"]
[Black "hadriano"]
[Result "0-1"]
[WhiteElo "1958"]
[BlackElo "2011"]

1. d4 Nf6 2. c4 g6 3. Nc3 Bg7 4. e4 d6 5. f3 O-O 6. Be3 Nbd7 7. Bd3 c5 8. d5 Ne5
9. Nge2 e6 10. O-O Re8 11. Rc1 exd5 12. cxd5 a6 13. a4 Bd7 14. Kh1 Qc7 15. h3 c4
16. Bb1 b5 17. axb5 Bxb5 18. Nd4 Rab8 19. f4 Ned7 20. Qf3 Nc5 21. g4 Na4 22.
Ncxb5 axb5 23. Nc6 Ra8 24. Bd4 Qd7 25. Rce1 Nc5 26. Re3 Nb3 27. Bc3 Nxd5 28.
exd5 Bxc3 29. Rxc3 Nd2 30. Qf2 Nxf1 31. Qxf1 Ra1 32. Nd4 Qe7 33. f5 Qe1 34. Rc1
Qd2 35. Qd1 Qxb2 36. Nc2 Ra7 37. Qf1 Rc7 38. Re1 Rxe1 39. Qxe1 Kf8 40. Qb4 Qc1+
41. Kg2 Re7 42. Nd4 Qf4 43. Qc3 Re3 44. Ne6+ fxe6 45. Qf6+ Ke8 46. Qh8+ Kd7 47.
Qxh7+ Kc8 48. Qh4 Re2+ 49. Kg1 Qh2+ 50. Kf1 Qg2# 0-1

[Event "Challenge"]
[Site "http://www.queenalice.com/game.php?id=1424917"]
[Date "2016.5.26"]
[Round "-"]
[White "hadriano"]
[Black "AlekinePb"]
[Result "1-0"]
[WhiteElo "2025"]
[BlackElo "1960"]

1. e4 d6 2. g3 Nf6 3. Bg2 g6 4. d4 Bg7 5. Ne2 O-O 6. O-O c6 7. c4 e5 8. d5 cxd5
9. cxd5 Ne8 10. Nbc3 f5 11. b3 Na6 12. Be3 b6 13. Rc1 Nc5 14. b4 Nxe4 15. Bxe4
fxe4 16. Nxe4 Bf5 17. N2c3 Nf6 18. f3 Nxe4 19. Nxe4 Bxe4 20. fxe4 Rc8 21. Rc6
Qd7 22. Qc2 Qh3 23. Qg2 Rxf1+ 24. Qxf1 Qxf1+ 25. Kxf1 Rf8+ 26. Kg2 h6 27. Rxd6
Rf6 28. Rc6 Rf7 29. Rxg6 Kh7 30. Re6 Rc7 31. Kh3 Rc3 32. Bg1 Rc1 33. Be3 Rc3 34.
Bf2 Rc2 35. Kg2 Rxa2 36. Kf3 Rd2 37. Be3 Rc2 38. d6 Rc8 39. b5 Bf8 40. d7 Rd8
41. Re8 Rxd7 42. Rxf8 Re7 43. Bd2 Kg7 44. Rf5 Kg6 45. Bc3 a5 46. bxa6 Ra7 47.
Bxe5 Rxa6 48. Rf6+ Kg5 49. Bb2 h5 50. e5 Ra5 51. h4# 1-0

[Event "Challenge"]
[Site "http://www.queenalice.com/game.php?id=1429173"]
[Date "2016.6.25"]
[Round "-"]
[White "marcobianchi"]
[Black "hadriano"]
[Result "1-0"]
[WhiteElo "2094"]
[BlackElo "2038"]

1. d4 Nf6 2. c4 g6 3. g3 Bg7 4. Bg2 O-O 5. Nf3 d6 6. O-O c6 7. Nc3 Bf5 8. Nh4
Be6 9. d5 Bd7 10. Qc2 cxd5 11. cxd5 Na6 12. a3 Rc8 13. Be3 b6 14. Rfc1 Nc5 15.
Qd1 e6 16. b4 Na6 17. dxe6 fxe6 18. Qxd6 Ng4 19. Qd3 Rxc3 20. Rxc3 Bb5 21. Qxb5
Bxc3 22. Rb1 Nxe3 23. Qxa6 Nxg2 24. Nxg2 Qd7 25. Qc4 Rc8 26. Qe4 Re8 27. Ne3 Qb5
28. Rf1 Re7 29. Qf3 Qa6 30. Rd1 Kg7 31. Ng4 Qxa3 32. Qf4 Qxb4 33. Qh6+ Kf7 34.
Qxh7+ 1-0

[Event "Challenge"]
[Site "http://www.queenalice.com/game.php?id=1445952"]
[Date "2016.10.15"]
[Round "-"]
[White "Lamorteoscura77"]
[Black "hadriano"]
[Result "1-0"]
[WhiteElo "2258"]
[BlackElo "2026"]

1. e4 c5 2. Nf3 Nc6 3. d4 cxd4 4. Nxd4 g6 5. c4 Bg7 6. Be3 Nf6 7. Nc3 O-O 8. Be2
d6 9. O-O Bd7 10. Kh1 Rc8 11. Rc1 Qa5 12. f4 Nxd4 13. Bxd4 Bc6 14. Bf3 a6 15.
Re1 Bh6 16. Bxf6 exf6 17. Qxd6 Rfd8 18. Qxf6 Bg7 19. Qg5 Bxc3 20. Rxc3 Qxa2 21.
Rc2 Ba4 22. Rce2 Qxc4 23. f5 Qc6 24. e5 Qe8 25. e6 Bb5 26. exf7+ Qxf7 27. fxg6
Qxg6 28. Bd5+ Kh8 29. Qe5+ Qg7 30. Qxg7+ Kxg7 31. Re7+ Kh8 32. Bxb7 Rc2 33. R7e6
Rxb2 34. Bxa6 Bxa6 35. Rxa6 Rdd2 36. Ra7 Rd8 37. Rae7 Rdd2 38. Rg1 Kg8 39. h3
Kh8 40. Kh2 Re2 41. Rxe2 Rxe2 42. Ra1 Kg7 43. Ra6 Rd2 44. Kg3 Rc2 45. Kf3 Rc3+
46. Kg4 Rc4+ 47. Kg5 h6+ 48. Kh5 Rc5+ 49. Kh4 Rc4+ 50. g4 Rb4 51. Ra5 Kg6 52.
Rc5 Ra4 53. Rc6+ Kg7 54. Rc3 Ra1 55. Kg3 Rg1+ 56. Kh4 Kg6 57. Rc6+ Kg7 58. Kh5
1-0

[Event "Challenge"]
[Site "http://www.queenalice.com/game.php?id=1463395"]
[Date "2017.2.8"]
[Round "-"]
[White "ORNELAS"]
[Black "hadriano"]
[Result "0-1"]
[WhiteElo "1643"]
[BlackElo "2019"]

1. b3 e5 2. d4 exd4 3. Qxd4 Nc6 4. Qe4+ Be7 5. Bg5 d5 6. Qe3 Be6 7. Bxe7 Ngxe7
8. g3 O-O 9. Bg2 Nb4 10. Qc3 Qd6 11. Nf3 c5 12. Nbd2 d4 13. Qb2 Ned5 14. O-O
Rab8 15. Nc4 Qe7 16. e4 Nf6 17. Nfe5 Bxc4 18. Nxc4 Rfe8 19. Rfe1 Qc7 20. e5 Ng4
21. c3 Nd3 22. Qd2 Nxe1 23. Rxe1 dxc3 24. Qxc3 b5 25. Nd6 Re7 26. Bf3 b4 27. Qc4
Nxe5 28. Qd5 Nxf3+ 29. Qxf3 Rxe1+ 30. Kg2 Qxd6 31. Qf5 g6 32. Qf3 Rbe8 33. h4
R8e2 34. a4 bxa3 35. h5 a2 36. h6 a1=Q 37. Qa8+ Re8 38. Qf3 Rh1 39. Qf4 Qd5+ 40.
f3 Qf1# 0-1